00313nam a22000977a 4500008004100000020001500041082002000056245005200076260007400128300001300202230629b xxu||||| |||| 00| 0 eng d a9966949917 a338.9bWER 2003 aKenya's Reform Experience: What Have we Learnt? aKenya bKenya Institute for Public Policy Research and Analysisc2003 aVIII,48p